00600nam a2200145Ia 4500008004100000050002400041100002200065245010500087260008600192300002100278521002200299942000700321999001900328952010700347140724s9999 xx 000 0 und d aLC 4813b.M251 2009 aMaling, Elaine Z. aEffects of sensory integration theraphy in the learning of children with autism /cElaine Z. Maling. aLas Piñas, Philippines :bSouthville International School and Colleges,cc2009. a103 p. :c28 cm. aSpecial Education cTH c228981d228981 001040aCLbCLcTHESESd2014-07-24l0oLC 4813 .M251 2009pT0335r2018-05-15 00:00:00w2014-07-24yTH